000 01061nam a2200229 i 4500
001 83125
003 ES-MaACL
005 20250726072721.0
007 t|
008 180606s1927 sp ||||1| spa d
100 1 _aVega del Sella, Ricardo
_cDuque de Estrada y Martínez de Morentín, Conde de la Vega del Sella.
_9164836
245 1 0 _aTeoría del glaciarismo cuaternario por desplazamientos polares /
_cpor el Conde de la Vega del Sella.
260 _aMadrid :
_bMuseo Nacional de Ciencias Naturales,
_c1927.
300 _a110 p., 2 map. pleg. :
_bgrab. ;
_c28 cm.
490 1 _aComisión de Investigaciones Paleontológicas y prehistóricas. Memoria ;
_v35, Serie paleontológica, 7
594 _aPrecede al tít.: Junta para la Ampliación de Estudios e Investigaciones Científicas.
650 0 4 _aPrehistoria.
_916343
650 4 _aGlaciares.
_9136187
830 0 0 _aComisión de Investigaciones Paleontológicas y Prehistóricas. Memoria
_v35, Serie paleontológica, 7
_9183771
852 _aES-MaACL
_jB-13008(2)
999 _c83125
_d83125